Maximized manhood: (Record no. 14808)

000 -LEADER
fixed length control field 00639nam a2200205 a 4500
001 - CONTROL NUMBER
control field :::00012642$&:&@@
003 - CONTROL NUMBER IDENTIFIER
control field OkBaRHE
005 - DATE AND TIME OF LATEST TRANSACTION
control field 20000607103421.0
008 - FIXED-LENGTH DATA ELEMENTS--GENERAL INFORMATION
fixed length control field s1984 j 000 0 eng u
040 ## - CATALOGING SOURCE
Transcribing agency
100 1# - MAIN ENTRY--PERSONAL NAME
Personal name Cole, Edwin Louis.
245 10 - TITLE STATEMENT
Title Maximized manhood:
Remainder of title a study guide.
260 ## - PUBLICATION, DISTRIBUTION, ETC. (IMPRINT)
Place of publication, distribution, etc Tulsa, OK., :
Name of publisher, distributor, etc Honor
Date of publication, distribution, etc c1984
300 ## - PHYSICAL DESCRIPTION
Extent 40 p. ;
Dimensions 22 cm.
650 ## - SUBJECT ADDED ENTRY--TOPICAL TERM
Topical term or geographic name as entry element Family
650 ## - SUBJECT ADDED ENTRY--TOPICAL TERM
Topical term or geographic name as entry element Men
942 ## - ADDED ENTRY ELEMENTS (KOHA)
Source of classification or shelving scheme
Koha item type Books
Copies
Withdrawn status Lost status Copy number Barcode Koha item type Date last seen Source of classification or shelving scheme Shelving location Full call number Permanent Location Date acquired Not for loan Price effective from Damaged status
  112642Books2010-04-14 General StacksHQ 1090 .C6RHEMA Bible Training College2010-04-14 2010-04-14 
  218515Books2010-04-14 General StacksHQ 1090 .C6RHEMA Bible Training College2010-04-14 2010-04-14